00253 a2200097 450000100060000008200150000610000220002124500710004326000320011430000090014663095 a297.63 WAH aAbdul Waheed Khan aThe Personality of Allah's last messenger (Muhammas PBUH)hEnglish aPakistanbAbdul Waheed Khan a117p